[Event "7. Griesheimer Schachtage 2011"]
[Site "?"]
[Date "2011.??.??"]
[Round "5.10"]
[White "Freund, Karlheinz"]
[Black "Hornung, Thomas"]
[Result "1-0"]
[WhiteElo "1911"]
[BlackElo "1993"]
[PlyCount "90"]
[EventDate "2011.??.??"]

1. d4 d5 2. Nc3 Nf6 3. Bg5 c5 4. Nf3 Bf5 5. Bxf6 gxf6 6. dxc5 e6 7. Nd4 Bg6 8.
e3 Bxc5 9. Bb5+ Nd7 10. O-O a6 11. Bd3 Rc8 12. Nf3 Bb4 13. Ne2 Ne5 14. Nxe5
fxe5 15. c3 Bd6 16. Bxg6 hxg6 17. h3 e4 18. Qa4+ {Rest wegen mehrerer
Notationsfehler und Streichungen leider nicht zu entziffern. Die folgende
Rekonstruktion kommt dem Partieverlauf vermutlich relativ nahe} 18... Kf8 19.
b4 Rh7 20. f4 Bb8 21. Qc2 Qb6 22. Nd4 Ke7 23. Rac1 Bd6 24. Qf2 Bb8 25. Rc2 Qd6
26. h4 Rch8 27. g3 g5 28. Qg2 gxh4 29. g4 Rg8 30. Qh3 f6 31. Rg2 Ba7 32. Kh1
Qd8 33. Rfg1 Rhg7 34. g5 f5 35. Rd2 Bb6 36. Rgd1 Bxd4 37. Rxd4 b5 38. Rxd5 exd5
39. Qxf5 Qd6 40. Rxd5 Qc6 41. Qxe4+ Qe6 42. Re5 Qxe5 43. Qxe5+ Kf7 44. f5 Rd8
45. g6+ Kg8 1-0

[Event "7. Griesheimer Schachtage 2011"]
[Site "?"]
[Date "2011.??.??"]
[Round "5.11"]
[White "Neuner, Johannes"]
[Black "Armbrust, Matthias"]
[Result "1-0"]
[WhiteElo "1953"]
[BlackElo "1850"]
[PlyCount "97"]

1. d4 g6 2. c4 Bg7 3. Nf3 d6 4. g3 Nc6 5. d5 Ne5 6. Nxe5 Bxe5 7. Bg2 e6 8. O-O
Bg7 9. dxe6 fxe6 10. Nc3 Ne7 11. Bg5 h6 12. Be3 Nf5 13. Qd3 O-O 14. Bd2 e5 15.
Rad1 Kh7 16. Bc1 Nd4 17. b4 Bf5 18. e4 Be6 19. c5 dxc5 20. bxc5 Qe7 21. Nd5 Qd7
22. Bb2 c6 23. Nb4 Qf7 24. f4 Bc4 25. fxe5 Qxf1+ 26. Qxf1 Bxf1 27. Rxd4 Bxg2
28. Kxg2 Rad8 29. Rd6 Rfe8 30. Nd3 Bf8 31. Nf4 Bxd6 32. cxd6 a5 33. Bd4 Rd7 34.
Kf3 b6 35. Bxb6 Rxe5 36. Bd4 Re8 37. e5 a4 38. Nd3 Rf7+ 39. Ke4 Rd7 40. Bc5 Kg7
41. Nb4 Rc8 42. e6 Rdd8 43. Ke5 Rf8 44. d7 Rf5+ 45. Kd6 Ra8 46. Bd4+ Kh7 47.
Kxc6 Rf1 48. e7 Re1 49. d8=Q 1-0

[Event "7. Griesheimer Schachtage 2011"]
[Site "?"]
[Date "2011.??.??"]
[Round "5.12"]
[White "Plattner, Rolf"]
[Black "Bauer, Bjoern-Benny"]
[Result "0-1"]
[WhiteElo "1919"]
[BlackElo "1779"]
[PlyCount "118"]

1. d4 Nf6 2. Nf3 c5 3. g3 e6 4. c3 d5 5. Bg2 Nc6 6. e3 Bd6 7. O-O O-O 8. Nbd2
b6 9. Re1 Bb7 10. b3 Rc8 11. a3 Qd7 12. Bb2 Rfe8 13. Qb1 e5 14. dxe5 Nxe5 15.
Nxe5 Bxe5 16. Nf3 Bb8 17. c4 Ne4 18. Rd1 Qe6 19. cxd5 Bxd5 20. Ng5 Nxg5 21.
Bxd5 Qg4 22. Bg2 h5 23. Qc2 h4 24. Qc4 Qxc4 25. bxc4 h3 26. Bd5 Re7 27. Rd3 Ne4
28. Rad1 Nd6 29. f3 b5 30. cxb5 c4 31. Rc3 Nxb5 32. Rxc4 Rxc4 33. Bxc4 Nd6 34.
Bf1 Rxe3 35. Bxh3 Bc7 36. f4 Rb3 37. Be5 Bb6+ 38. Bd4 Nc4 39. Bxb6 axb6 40. Bf5
g6 41. Be4 Rxa3 42. Bc6 Ra5 43. Rb1 Rc5 44. Bg2 Kf8 45. Bf1 b5 46. Bxc4 bxc4
47. Rc1 Ke7 48. Kf2 Kd6 49. Ke3 Kc6 50. g4 Kd5 51. Rd1+ Kc6 52. h4 c3 53. Rc1
Kb5 54. h5 gxh5 55. gxh5 Kc4 56. Rh1 Kb3 57. h6 c2 58. h7 Rc8 59. Kd2 Kb2 0-1

[Event "7. Griesheimer Schachtage 2011"]
[Site "?"]
[Date "2011.??.??"]
[Round "5.14"]
[White "Stegner, Marco"]
[Black "Dankesreiter, Arne"]
[Result "1/2-1/2"]
[WhiteElo "1654"]
[BlackElo "1996"]
[PlyCount "31"]

1. d4 Nf6 2. Bf4 g6 3. e3 Bg7 4. Nf3 c5 5. c3 Qb6 6. Qb3 O-O 7. Nbd2 d5 8. Be2
c4 9. Qxb6 axb6 10. O-O Nc6 11. b3 b5 12. bxc4 bxc4 13. Rfb1 Ra7 14. Ne5 Nxe5
15. Bxe5 Ra3 16. Bf3 1/2-1/2

[Event "7. Griesheimer Schachtage 2011"]
[Site "?"]
[Date "2011.??.??"]
[Round "5.16"]
[White "Rosinus, Karl"]
[Black "Auschkalnis, Reinhard"]
[Result "1/2-1/2"]
[WhiteElo "1619"]
[BlackElo "1840"]
[PlyCount "39"]

1. Nf3 c5 2. g3 Nc6 3. c4 g6 4. Nc3 Bg7 5. Qc2 Nf6 6. e4 d6 7. Bg2 Bg4 8. a3
O-O 9. O-O Qd7 10. Re1 h6 11. e5 Ne8 12. exd6 Nxd6 13. d3 Rac8 14. Ne4 b6 15.
Nxd6 Qxd6 16. h3 Bxf3 17. Bxf3 Nd4 18. Qd1 Qf6 19. Be4 e5 20. Be3 1/2-1/2

[Event "7. Griesheimer Schachtage 2011"]
[Site "?"]
[Date "2011.??.??"]
[Round "5.17"]
[White "Stegner, Naomi"]
[Black "Reuter, Klaus"]
[Result "1/2-1/2"]
[WhiteElo "1272"]
[BlackElo "1682"]
[PlyCount "61"]

1. d4 d5 2. Bf4 Nf6 3. Nc3 e6 4. Nb5 Na6 5. e3 c6 6. Nc3 b5 7. a3 Be7 8. Nf3
O-O 9. Bd3 Nh5 10. Ne5 Nxf4 11. exf4 Bb7 12. a4 b4 13. Na2 g6 14. Bxa6 Bxa6 15.
Nxc6 Qd6 16. Nxe7+ Qxe7 17. Qd2 Rab8 18. c3 bxc3 19. Nxc3 Qb7 20. Rb1 Rfc8 21.
b4 Qc7 22. Nb5 Bxb5 23. axb5 Rxb5 24. O-O Qb6 25. Rfd1 Rb8 26. Qa2 Rb7 27. h3
Rxb4 28. Rxb4 Qxb4 29. Qa6 Qb3 30. Rc1 Kg7 31. Qd6 1/2-1/2

[Event "7. Griesheimer Schachtage 2011"]
[Site "?"]
[Date "2011.??.??"]
[Round "5.18"]
[White "Renger, Juergen"]
[Black "Bejan, Viorel"]
[Result "1/2-1/2"]
[WhiteElo "1678"]
[BlackElo "1541"]
[PlyCount "80"]

1. d4 e6 2. c4 f5 3. g3 Nf6 4. Nf3 d5 5. Bg2 c6 6. b3 Bb4+ 7. Bd2 Bd6 8. O-O
Ne4 9. Ne5 Nxd2 10. Nxd2 O-O 11. f4 Bd7 12. Nxd7 Nxd7 13. Nf3 Nf6 14. Ne5 c5
15. cxd5 exd5 16. Kh1 Rc8 17. Rc1 Ne4 18. Bxe4 fxe4 19. e3 b6 20. Qg4 Qe7 21.
Rfd1 Rfd8 22. dxc5 Bxe5 23. fxe5 Rxc5 24. Rxc5 bxc5 25. e6 Rd6 26. Qf5 Qxe6 27.
Qxe6+ Rxe6 28. Rxd5 Kf7 29. Rxc5 a6 30. Kg2 Kf6 31. Kf2 g6 32. b4 Rd6 33. Ke2
h6 34. b5 axb5 35. Rxb5 h5 36. a4 Rd3 37. Rb4 Kf5 38. h3 Ra3 39. Rb5+ Kf6 40.
Rb6+ Kf5 1/2-1/2

[Event "7. Griesheimer Schachtage 2011"]
[Site "?"]
[Date "2011.??.??"]
[Round "5.20"]
[White "Urbach, Jens"]
[Black "Thumm, Niklas"]
[Result "1-0"]
[WhiteElo "1127"]
[BlackElo "1038"]
[PlyCount "85"]

1. Nf3 Nc6 2. g3 e5 3. d3 d5 4. Bg2 Bc5 5. O-O Nf6 6. c4 Bf5 7. cxd5 Nxd5 8. e4
Ndb4 9. exf5 Nxd3 10. Qc2 e4 11. Qe2 O-O 12. Ng5 Nxc1 13. Rxc1 Qxg5 14. Rxc5
Nd4 15. Qxe4 Nxf5 16. Qxf5 Qxf5 17. Rxf5 g6 18. Re5 c6 19. Nc3 Rad8 20. Rae1 h5
21. h4 Kg7 22. Ne4 b6 23. Ng5 c5 24. Re7 a5 25. Ne6+ Kf6 26. Nxf8 Rxf8 27. Rb7
Kf5 28. Rxb6 a4 29. Rb5 Rc8 30. Bh3+ Kf6 31. Bxc8 g5 32. hxg5+ Kxg5 33. Rxc5+
Kg6 34. Ree5 Kf6 35. f4 h4 36. Rc6+ Kg7 37. Rg5+ Kf8 38. Rc7 hxg3 39. Rf5 a3
40. bxa3 g2 41. Rfxf7+ Kg8 42. Be6 Kh8 43. Rc8# 1-0

[Event "7. Griesheimer Schachtage 2011"]
[Site "?"]
[Date "2011.??.??"]
[Round "5.21"]
[White "Meisinger, Herbert"]
[Black "Fey, Karl-Heinz"]
[Result "1-0"]
[WhiteElo "1189"]
[BlackElo "816"]
[PlyCount "31"]

1. d4 Nf6 2. c4 e6 3. Nf3 b6 4. Bg5 Be7 5. Nc3 Bb7 6. e3 d5 7. cxd5 exd5 8. Ne5
Ne4 9. Bxe7 Qxe7 10. Bb5+ c6 11. Nxe4 dxe4 12. Bc4 O-O 13. O-O Kh8 14. Qb3 h6
15. Bxf7 Nd7 16. Ng6+ 1-0